Disputar la ciudad. Sometimiento. Resistencia. Memorialización. Reparación
Salvato in:
| Autore principale: | |
|---|---|
| Altri autori: | |
| Natura: | Libro |
| Lingua: | spagnolo |
| Pubblicazione: |
Talca, Chile
Bifurcaciones
2018
|
| Serie: | Colección Cuervos en Casa
|
| Soggetti: | |
| Tags: |
Aggiungi Tag
Nessun Tag, puoi essere il primo ad aggiungerne!!
|
MARC
| LEADER | 00000cam a2200000 a 4500 | ||
|---|---|---|---|
| 001 | UCC8422 | ||
| 003 | CL-VaPUC | ||
| 005 | 20220304162436.0 | ||
| 008 | 190628e20180000cl |||||||||||||||||spa|d | ||
| 999 | |c 374754 |d 374752 | ||
| 020 | |a 9789569501081 | ||
| 040 | |c Pontificia Universidad Católica de Valparaíso | ||
| 082 | 0 | 4 | |a 301 MON 2018 |2 21 |
| 100 | |a Montealegre, Pía |e autora |9 603109 | ||
| 245 | 1 | 0 | |a Disputar la ciudad. |b Sometimiento. Resistencia. Memorialización. Reparación |
| 260 | |a Talca, Chile |b Bifurcaciones |c 2018 | ||
| 300 | |a 199 páginas | ||
| 490 | 0 | |a Colección Cuervos en Casa | |
| 583 | |a last modification |c 20190704 09:28:39 |k Rodrigo Vera | ||
| 650 | 0 | |a Espacios urbanos |9 262902 | |
| 650 | 0 | |a Sociología |9 255410 | |
| 700 | 0 | |a Rozas-Krause, Valentina |e editora |9 603108 | |
| 852 | |a BIBING | ||
| 942 | |c BK |2 ddc | ||
| 945 | |d 20190628 11:06:00 |a dcastane | ||
| 952 | |0 0 |1 0 |2 ddc |3 erb |4 0 |6 301_000000000000000_MON_2018 |7 0 |8 A |9 493465 |a BIBING |b BIBING |d 2019-06-26 |e 47 |g 11040.00 |i 5554373 |l 1 |o 301 MON 2018 |p 5554373 |r 2025-01-20 |s 2024-06-25 |v 11040.00 |w 2019-11-24 |y BK |z Catalogado en:20190628 |k GEO | ||